Where were they born? Giant Quiz - Statistics

General Stats
  • This quiz has been taken 26 times
    14 since last reset
  • The average score is 120 of 294
Answer Stats
Name Who they Are/Were Place of Birth % Correct
Arnold Schwarzenegger Politician/Actor Austria
92%
Steve Jobs Businessman USA
85%
Homér Philosopher Greece
77%
Charles Darwin Scientist United Kingdom
77%
Rihanna Singer Barbados
69%
Jean-Claude Van Damme Actor Belgium
69%
Hans Zimmer Composer Germany
69%
Johannes Gutenberg Inventor Germany
69%
Otto von Bismarck Politician Germany
69%
Enzo Ferrari Manufacturer Italy
69%
Luciano Pavarotti Singer Italy
69%
Yoko Ono Activist Japan
69%
Hirotoshi Honda Manufacturer Japan
69%
Marie Curie Scientist Poland
69%
Cristiano Ronaldo Sportsman Portugal
69%
Fyodor Dostoevsky Writer Russia
69%
Vladimir Lenin Politician Russia
69%
Henry VIII Politcian United Kingdom
69%
George Washington Politician USA
69%
Abraham Lincoln Politician USA
69%
Pablo Escobar Criminal Colombia
62%
Antonín Dvořák Composer Czech Republic
62%
Sophie Marceau Actress France
62%
Friedrich Nietzsche Philosopher Germany
62%
Ennio Morricone Composer Italy
62%
Michio Suzuki Inventor Japan
62%
Roald Amundsen Explorer Norway
62%
Osama Bin Laden Terorist Saudi Arabia
62%
Francisco Franco Politician Spain
62%
Roger Federer Sportsman Switzerland
62%
Recep Tayyip Erdoğan Politician Turkey
62%
Winston Churchill Politician United Kingdom
62%
Eminem Singer USA
62%
Conan O'Brien TV Show host USA
62%
Hafþór Júlíus Björnsson Actor/Sportsman Iceland
54%
Oscar Wilde Writer Ireland
54%
Colin Farrell Actor Ireland
54%
Natalie Portman Actress Israel
54%
Jesus of Nazareth Central figure of Christianity Israel
54%
Muhammad Prophet Saudi Arabia
54%
Nelson Mandela Politician South Africa
54%
Psy Singer South Korea
54%
Ozzy Osbourne Singer United Kingdom
54%
Rowan Atkinson Actor United Kingdom
54%
Babe Ruth Sportsman USA
54%
Pope Francis Pope Argentina
46%
Hugh Jackman Actor Australia
46%
Chris Hemsworth Actor Australia
46%
Kylie Minogue Singer Australia
46%
Steve Irwin Zookeeper Australia
46%
Erwin Schrödinger Scientist Austria
46%
Adolf Hitler Politician Austria
46%
Wolfgang Amadeus Mozart Composer Austria
46%
Christoph Waltz Actor Austria
46%
Pelé Sportsman Brazil
46%
Pol Pot Politician Cambodia
46%
Pamela Anderson Actress Canada
46%
Justin Trudeau Politician Canada
46%
Wayne Gretzky Sportsman Canada
46%
Justin Bieber Singer Canada
46%
Ryan Gosling Actor Canada
46%
Jack Ma Businessman China
46%
Mao Zedong Politician China
46%
Yao Ming Sportsman China
46%
Jackie Chan Actor China
46%
Confucius Philosopher China
46%
Shakira Singer Colombia
46%
Nicola Tesla Scientist Croatia
46%
Jan Žižka Warrior Czech Republic
46%
Hans Christian Andersen Writer Denmark
46%
Cleopatra Politician Egypt
46%
Jules Verne Writer France
46%
Charles de Gaulle Army Officer France
46%
Joan of Arc Warrior France
46%
Coco Chanel Designer France
46%
Napoleon Bonaparte Politician France
46%
Gérard Depardieu Actor France
46%
Emmanuel Macron Politician France
46%
Josif Stalin Politician Georgia
46%
Karl Marx Philosopher Germany
46%
Albert Einstein Scientist Germany
46%
Ludwig van Beethoven Composer Germany
46%
Karl Lagerfeld Designer Germany
46%
Martin Luther Priest Germany
46%
Heidi Klum Model Germany
46%
Johann Sebastian Bach Composer Germany
46%
Angela Merkel Politician Germany
46%
Alexander The Great Politician Greece
46%
Plato Philosopher Greece
46%
Hippocrates Healer Greece
46%
Socrates Scientist Greece
46%
Leif Erikson Explorer Iceland
46%
Björk Singer Iceland
46%
Priyanka Chopra Miss World 2000 India
46%
Mohandas Gandhi Philantropist India
46%
Saddam Hussein Politician Iraq
46%
Liam Neeson Actor Ireland
46%
Bono Singer Ireland
46%
Ludovico Einaudi Composer Italy
46%
Niccolò Paganini Musician Italy
46%
Niccolò Machiavelli Philosopher Italy
46%
Benito Mussolini Politician Italy
46%
Julius Caesar Politician Italy
46%
Giorgio Armani Designer Italy
46%
Galileo Galilei Scientist Italy
46%
Leonardo da Vinci Scientist/Painter/Inventor Italy
46%
Christopher Columbus Explorer Italy
46%
Sophia Loren Actress Italy
46%
Usain Bolt Sportsman Jamaica
46%
Bob Marley Singer Jamaica
46%
Akira Kurosawa Writer Japan
46%
Hiroyuki Sanada Actor Japan
46%
Hirohito Politician Japan
46%
Muammar Gaddafi Politician Libya
46%
Salma Hayek Actress Mexico
46%
Genghis Khan Conqueror Mongolia
46%
Famke Janssen Actress Netherlands
46%
Vincent van Gogh Painter Netherlands
46%
Kim Jong-il Politician North Korea
46%
Ferdinand Magellan Explorer Portugal
46%
Anna Kournikova Sportswoman Russia
46%
Alexander Pushkin Writer Russia
46%
Yuri Gagarin Astronaut Russia
46%
Grigorij Rasputin Scientist Russia
46%
Alexander Ovechkin Sportsman Russia
46%
Charlize Theron Actress South Africa
46%
Pablo Picasso Painter Spain
46%
Enrique Iglesias Singer Spain
46%
Javier Bardem Actor Spain
46%
Salvador Dalí Painter Spain
46%
Rafael Nadal Sportsman Spain
46%
Avicii Musician Sweden
46%
Alfred Nobel Scientists Sweden
46%
Greta Thunberg Activist Sweden
46%
Stellan Skarsgård Actor Sweden
46%
John Maynard Keynes Economist United Kingdom
46%
Ben Kingsley Actor United Kingdom
46%
Charles Chaplin Actor United Kingdom
46%
Margaret Thatcher Politician United Kingdom
46%
Isaac Newton Scientist United Kingdom
46%
David Beckham Sportsman United Kingdom
46%
William Shakespeare Writer United Kingdom
46%
Ed Sheeran Singer United Kingdom
46%
Alfred Hitchcock Director United Kingdom
46%
James Cook Explorer United Kingdom
46%
Alexander Graham Bell Scientist/Inventor United Kingdom
46%
Gordon Ramsay Chef United Kingdom
46%
John Lennon Singer United Kingdom
46%
Martin Luther King Activist USA
46%
Walt Disney Businessman USA
46%
Meghan, Duchess of Sussex Actress/British Royal Family Member USA
46%
Thomas Edison Inventor USA
46%
Michael Phelps Sportsman USA
46%
J. Robert Oppenheimer Scientis USA
46%
Barack Obama Politician USA
46%
Tiger Woods Sportsman USA
46%
Michael Jackson Singer USA
46%
Muhammad Ali Sportsman USA
46%
Michael Jordan Sportsman USA
46%
Madonna Singer USA
46%
Benjamin Franklin Scientist USA
46%
Edgar Allan Poe Writer USA
46%
Sylvester Stallone Actor USA
46%
Bruce Lee Actor USA
46%
David Copperfield Ilusionist USA
46%
Lady Gaga Singer USA
46%
Kareem Abdul-Jabbar Sportsman USA
46%
Ernest Hemingway Writer USA
46%
Lana Del Rey Singer USA
46%
Stephen King Writer USA
46%
Al Capone Criminal USA
46%
Diego Maradona Sportsman Argentina
38%
Lionel Messi Sportsman Argentina
38%
Gavrilo Princip Activist Bosnia and Herzegovina
38%
James Cameron Director Canada
38%
Fidel Castro Politician Cuba
38%
Ole Kirk Christiansen Manufacturer Denmark
38%
Mads Mikkelsen Actor Denmark
38%
Niels Bohr Scientist Denmark
38%
Roman Polański Director France
38%
Blaise Pascal Scientist France
38%
Victor Hugo Writer France
38%
Pope Benedict XVI Pope Germany
38%
Diane Kruger Actress Germany
38%
Mustafa Kemal Atatürk Politician Greece
38%
M. Night Shyamalan Director India
38%
Aishwarya Rai Miss World 1994 India
38%
George Bernard Shaw Writer Ireland
38%
King Solomon Politician Israel
38%
Monica Bellucci Actress Italy
38%
Gautama Buddha Philosopher Nepal
38%
Russell Crowe Actor New Zealand
38%
Peter Jackson Director New Zealand
38%
Imran Khan Politician Pakistan
38%
Fryderyk Chopin Composer Poland
38%
Pope John Paul II Pope Poland
38%
Lev Nikolajevič Tolstoj Writer Russia
38%
Alexander Hamilton Politician Saint Kitts and Nevis
38%
Novan Djokovic Sportsman Serbia
38%
Melania Trump First Lady Slovenia
38%
Trevor Noah Comedian South Africa
38%
Elon Musk Businessman South Africa
38%
Ingrid Bergman Actress Sweden
38%
Mila Kunis Actress Ukraine
38%
Milla Jovovich Actress Ukraine
38%
Virginia Woolf Writer United Kingdom
38%
Guillermo del Toro Director USA
38%
Sacagawea Guide USA
38%
Che Guevara Activist Argentina
31%
Sia Singer Australia
31%
Maria Theresa Politician Austria
31%
Garry Kasparov Chess Master Azerbaijan
31%
Audrey Hepburn Actress Belgium
31%
Paulo Coelho Writer Brazil
31%
Jet Li Actor China
31%
Andy García Actor Cuba
31%
Sigmund Freud Scientist Czech Republic
31%
Moses Prophet Egypt
31%
Zinédine Zidane Sportsman France
31%
Édith Piaf Singer France
31%
Prince Philip, Duke of Edinburgh Politician Greece
31%
Harry Houdini Ilusionist Hungary
31%
Deepika Padukone Actress India
31%
George Orwell Writer India
31%
Rudyard Kipling Writer India
31%
Frida Kahlo Painter Mexico
31%
Mother Teresa Philantropist North Macedonia
31%
Kumail Nanjiani Actor Pakistan
31%
Nicolaus Copernicus Scientist Poland
31%
Vlad the Impaler Politician Romania
31%
John Ronald Reuel Tolkien Writer South Africa
31%
Antoni Gaudí Architect Spain
31%
Ingvar Kamprad Manufacturer Sweden
31%
Ang Lee Director Taiwan
31%
Freddie Mercury Singer Tanzania
31%
Nicky Minaj Singer Trinidad and Tobago
31%
Sadiq Khan Politician United Kingdom
31%
Simon Bolivar Politician Venezuela
31%
Albert Camus Philosopher Algeria
23%
Niki Lauda Sportsman Austria
23%
Pablo Neruda Writer Chile
23%
Camila Cabello Singer Cuba
23%
Tomáš Baťa Manufacturer Czech Republic
23%
Ivana Trump First Lady Czech Republic
23%
Jaromír Jágr Sportsman Czech Republic
23%
Lars von Trier Director Denmark
23%
Karl May Writer Germany
23%
Bruce Willis Actor Germany
23%
Michael Schumacher Sportsman Germany
23%
Leonidas I Warrior King Greece
23%
Aasif Mandvi Actor India
23%
Amy Adams Actress Italy
23%
Rocco Sifredi Porn-actor Italy
23%
Archimédés Scientist Italy
23%
Mia Khalifa Porn-actress Lebanon
23%
Jean-Claude Juncker Politician Luxembourg
23%
Lupita Nyong'o Actress Mexico
23%
Taika Waititi Director/Actor New Zealand
23%
Jo Nesbø Writer Norway
23%
Hannibal Conqueror Tunisia
23%
Olga Kurylenko Actress Ukraine
23%
Djimon Hounsou Actor Benin
15%
Emerson Fittipaldi Sportsman Brazil
15%
Nina Dobrev Actress/Model Bulgaria
15%
Ferdinand Porsche Manufacturer Czech Republic
15%
Eva Green Actress France
15%
Manuel Ferrara Porn-actor France
15%
Emma Watson Actress France
15%
Stendhal Writer France
15%
Joseph Pulitzer Journalist Hungary
15%
Sergei Vasilievich Lukyanenko Writer Kazakhstan
15%
Rita Ora Singer Kosovo
15%
Mikhail Baryshnikov Dancer Latvia
15%
Keanu Reeves Actor Lebanon
15%
Hugo Weaving Actor Nigeria
15%
Isla Fisher Actress Oman
15%
Immanuel Kant Philosopher Russia
15%
Noomi Rapace Actress Sweden
15%
PewDiePie Youtuber Sweden
15%
Nikki Benz Porn-actress Ukraine
15%
Richard Ayoade Comedian/Director United Kingdom
15%
Adewale Akinnuoye-Agbaje Actor United Kingdom
15%
Yvonne Strahovski Actress Australia
8%
Emile Zatopek Sportsman Czech Republic
8%
Lukas Graham Singer Denmark
8%
Vincent Cassel Actor France
8%
Ramin Djawadi Composer Germany
8%
Oscar Isaac Actor Guatemala
8%
Iko Uwais Actor Indonesia
8%
Vitali Klitschko Sportsman/Politician Kyrgyzstan
8%
Jean Reno Actor Morocco
8%
Jordana Brewster Actress Panama
8%
Yiruma Composer South Korea
8%
Daniel Brühl Actor Spain
8%
No matching quizzes found
Score Distribution
Percent of People with Each Score
Percentile by Number Answered
Your Score History
You have not taken this quiz since the last reset